[Event "Xtracon Skakligaen"]
[Site "Denmark"]
[Date "2017.01.08"]
[Round "5.2"]
[White "Brynell, Stellan"]
[Black "Glud, Jakob Vang"]
[Result "0-1"]
[WhiteElo "2450"]
[BlackElo "2517"]
[PlyCount "144"]
[EventDate "2016.10.29"]
[EventType "team-tourn"]
[EventRounds "9"]
[EventCountry "DEN"]
[WhiteTeam "Nordkalotten 1"]
[BlackTeam "Philidor 1"]
[WhiteTeamCountry "DEN"]
[BlackTeamCountry "DEN"]

1. d4 d5 2. c4 e6 3. Nf3 Nf6 4. Nc3 Be7 5. Bg5 O-O 6. e3 h6 7. Bh4 b6 8. Bd3
Bb7 9. O-O Nbd7 10. Qe2 Ne4 11. Bxe7 Qxe7 12. Rac1 c5 13. cxd5 Nxc3 14. Rxc3
Bxd5 15. a3 Rad8 16. Rfc1 Bxf3 17. Qxf3 cxd4 18. exd4 Nf6 19. Rc7 Qd6 20. Rxa7
Qxd4 21. Bf1 Qxb2 22. Rd1 Rxd1 23. Qxd1 Ne4 24. Qe1 Qd4 25. Bb5 Nc3 26. Bc6 Rd8
27. Bf3 Nb5 28. Ra6 Qc5 29. a4 Nd4 30. h3 Qc2 31. Qe3 Qc7 32. g3 f5 33. h4 Kh7
34. Bg2 e5 35. Kh2 e4 36. a5 bxa5 37. Qa3 Re8 38. Qxa5 Qxa5 39. Rxa5 e3 40.
fxe3 Rxe3 41. Rd5 Rd3 42. Kh3 g5 43. hxg5 hxg5 44. Ra5 Kg6 45. Kh2 Rd2 46. Kg1
Kh5 47. Bh3 g4 48. Bg2 Kg5 49. Ra3 Kf6 50. Kf1 Nc2 51. Rb3 Ke5 52. Bb7 Kd4 53.
Ba8 Kc4 54. Rb8 Kd3 55. Bc6 Ne3+ 56. Kg1 Rd1+ 57. Kh2 Rc1 58. Ba8 Rc2+ 59. Kg1
Ke2 60. Rb1 Rc5 61. Bb7 Nc2 62. Rf1 Nd4 63. Ra1 Rc3 64. Kg2 Nc2 65. Ba6+ Kd2
66. Ra5 Ne1+ 67. Kh2 Nf3+ 68. Kg2 Rc2 69. Kf2 Ng5 70. Rxf5 Ne4+ 71. Kg1 Ke3 72.
Rf4 Ng5 0-1

[Event "Xtracon Skakligaen"]
[Site "Denmark"]
[Date "2017.01.08"]
[Round "5.3"]
[White "Bekker Jensen, Simon"]
[Black "Sylvan, Jacob"]
[Result "1/2-1/2"]
[WhiteElo "2466"]
[BlackElo "2371"]
[PlyCount "55"]
[EventDate "2016.10.29"]
[EventType "team-tourn"]
[EventRounds "9"]
[EventCountry "DEN"]
[WhiteTeam "Philidor 1"]
[BlackTeam "Nordkalotten 1"]
[WhiteTeamCountry "DEN"]
[BlackTeamCountry "DEN"]

1. d4 Nf6 2. c4 g6 3. Nc3 Bg7 4. e4 d6 5. h3 O-O 6. Be3 Na6 7. Nf3 e5 8. d5 c6
9. Nd2 Bd7 10. Be2 Qe7 11. g4 cxd5 12. cxd5 Rfc8 13. g5 Ne8 14. h4 Nc5 15. h5
b5 16. hxg6 fxg6 17. Nxb5 Bxb5 18. Bxb5 Rab8 19. a4 a6 20. b4 axb5 21. bxc5
dxc5 22. axb5 Rxb5 23. Qg4 Nd6 24. Qh3 Bf8 25. Ra6 Rc7 26. Ke2 Rb2 27. Rb1 Rxb1
28. Nxb1 1/2-1/2

[Event "Xtracon Skakligaen"]
[Site "Denmark"]
[Date "2017.01.08"]
[Round "5.4"]
[White "Kristensen, Kaare Hove"]
[Black "Mikkelsen, Nikolaj"]
[Result "1/2-1/2"]
[WhiteElo "2383"]
[BlackElo "2463"]
[PlyCount "104"]
[EventDate "2016.10.29"]
[EventType "team-tourn"]
[EventRounds "9"]
[EventCountry "DEN"]
[WhiteTeam "Nordkalotten 1"]
[BlackTeam "Philidor 1"]
[WhiteTeamCountry "DEN"]
[BlackTeamCountry "DEN"]

1. d4 Nf6 2. c4 g6 3. Nc3 Bg7 4. e4 d6 5. f4 c5 6. dxc5 Qa5 7. Bd3 Qxc5 8. Nf3
Nc6 9. Qe2 O-O 10. Be3 Qa5 11. O-O Ng4 12. Bd2 Nb4 13. Bb1 Be6 14. Kh1 Rac8 15.
b3 Qh5 16. h3 b5 17. Nxb5 Bxa1 18. Bxb4 Bd7 19. Nxa7 Rb8 20. Bd2 Bg7 21. Nb5
Bxb5 22. cxb5 Rxb5 23. Ng5 h6 24. Qxb5 hxg5 25. Qxg5 Nf2+ 26. Rxf2 Qd1+ 27. Kh2
Bd4 28. Bc2 Qxc2 29. Be3 Qxe4 30. Bxd4 Qxd4 31. Rf3 e6 32. f5 Qe5+ 33. Qg3 exf5
34. Qxe5 dxe5 35. b4 Ra8 36. a3 Kf8 37. b5 Ke7 38. Rc3 Kd6 39. Rc6+ Kd5 40. Rc7
Rxa3 41. Rxf7 Rb3 42. Rf6 Rxb5 43. Rxg6 f4 44. h4 Kd4 45. Kh3 Ke3 46. h5 Rb1
47. Kg4 Rg1 48. Kf5 Rh1 49. Kxe5 Rxh5+ 50. Kf6 Kf2 51. Rg4 f3 52. gxf3 Kxf3
1/2-1/2

[Event "Xtracon Skakligaen"]
[Site "Denmark"]
[Date "2017.01.08"]
[Round "5.5"]
[White "Skovgaard, Peter Nicolai"]
[Black "Hove, Esben Kjems"]
[Result "1-0"]
[WhiteElo "2302"]
[BlackElo "2267"]
[PlyCount "99"]
[EventDate "2016.10.29"]
[EventType "team-tourn"]
[EventRounds "9"]
[EventCountry "DEN"]
[WhiteTeam "Philidor 1"]
[BlackTeam "Nordkalotten 1"]
[WhiteTeamCountry "DEN"]
[BlackTeamCountry "DEN"]

1. e4 c6 2. d4 d5 3. Nc3 dxe4 4. Nxe4 Bf5 5. Ng3 Bg6 6. h4 h6 7. Nf3 Nd7 8. h5
Bh7 9. Bd3 Bxd3 10. Qxd3 e6 11. Bd2 Ngf6 12. O-O-O Qc7 13. Ne4 O-O-O 14. g3
Nxe4 15. Qxe4 Bd6 16. c4 Nf6 17. Qe2 c5 18. Bc3 cxd4 19. Nxd4 a6 20. Kb1 Kb8
21. Nf3 Ka8 22. Ne5 Bxe5 23. Bxe5 Qe7 24. f4 Rxd1+ 25. Rxd1 Rd8 26. b3 Ne8 27.
Rxd8+ Qxd8 28. Kc2 f6 29. Bc3 Qd6 30. Qd3 Qc7 31. Qe4 Qd7 32. Qd4 Qxd4 33. Bxd4
f5 34. Kd3 Kb8 35. Be5+ Kc8 36. Kd4 Kd7 37. Kc5 Nf6 38. Bxf6 gxf6 39. Kb6 Kc8
40. b4 Kb8 41. a4 e5 42. fxe5 fxe5 43. Kc5 b6+ 44. Kd5 e4 45. Kd4 Kc7 46. g4
fxg4 47. Kxe4 a5 48. bxa5 bxa5 49. Kf4 Kd6 50. Kxg4 1-0

[Event "Xtracon Skakligaen"]
[Site "Denmark"]
[Date "2017.01.08"]
[Round "5.6"]
[White "Nielsen, Lars Aaes"]
[Black "Hovmoller, Kristian"]
[Result "0-1"]
[WhiteElo "2239"]
[BlackElo "2289"]
[PlyCount "52"]
[EventDate "2016.10.29"]
[EventType "team-tourn"]
[EventRounds "9"]
[EventCountry "DEN"]
[WhiteTeam "Nordkalotten 1"]
[BlackTeam "Philidor 1"]
[WhiteTeamCountry "DEN"]
[BlackTeamCountry "DEN"]

1. e4 c5 2. c3 Nf6 3. e5 Nd5 4. Nf3 e6 5. d4 cxd4 6. cxd4 b6 7. Bc4 Ba6 8. Bxa6
Nxa6 9. O-O Be7 10. Qe2 Nac7 11. Nc3 Nxc3 12. bxc3 b5 13. Bd2 O-O 14. a4 a6 15.
Ra2 d5 16. Rb1 bxa4 17. c4 dxc4 18. Qxc4 a3 19. Ba5 Qd5 20. Qxd5 Nxd5 21. Nd2
Rab8 22. Rc1 Rb5 23. Bc3 Rc8 24. Bb2 Rxc1+ 25. Bxc1 Nc3 26. Ra1 a2 0-1

[Event "Xtracon Skakligaen"]
[Site "Denmark"]
[Date "2017.01.08"]
[Round "5.7"]
[White "Bekker Jensen, David"]
[Black "Jakobsen, Peter"]
[Result "1-0"]
[WhiteElo "2183"]
[BlackElo "2201"]
[PlyCount "77"]
[EventDate "2016.10.29"]
[EventType "team-tourn"]
[EventRounds "9"]
[EventCountry "DEN"]
[WhiteTeam "Philidor 1"]
[BlackTeam "Nordkalotten 1"]
[WhiteTeamCountry "DEN"]
[BlackTeamCountry "DEN"]

1. d4 Nf6 2. c4 e6 3. Nc3 Bb4 4. Nf3 c5 5. g3 cxd4 6. Nxd4 O-O 7. Bg2 d5 8.
cxd5 Nxd5 9. Qb3 Qb6 10. Bxd5 exd5 11. Be3 Bxc3+ 12. Qxc3 Qg6 13. Qd3 Qxd3 14.
exd3 Nc6 15. Nxc6 bxc6 16. Bd4 Bd7 17. Kd2 Rfe8 18. Rhe1 a6 19. f3 h5 20. Rac1
f6 21. Rxe8+ Rxe8 22. Rc3 Rb8 23. Rc2 Kf7 24. Kc3 Rb5 25. a4 Rb8 26. Bc5 Re8
27. Kb4 Bf5 28. Rd2 Re1 29. Ka5 Bc8 30. Kb6 Rf1 31. f4 Rf3 32. a5 h4 33. b4
hxg3 34. hxg3 Rxg3 35. Kxc6 Bf5 36. b5 axb5 37. a6 Rxd3 38. Rxd3 Bxd3 39. Bd4
1-0

[Event "Xtracon Skakligaen"]
[Site "Denmark"]
[Date "2017.01.08"]
[Round "5.8"]
[White "Ejsing, Esben"]
[Black "Brorsen, Jacob Abildlund"]
[Result "0-1"]
[WhiteElo "2203"]
[BlackElo "2144"]
[PlyCount "86"]
[EventDate "2016.10.29"]
[EventType "team-tourn"]
[EventRounds "9"]
[EventCountry "DEN"]
[WhiteTeam "Nordkalotten 1"]
[BlackTeam "Philidor 1"]
[WhiteTeamCountry "DEN"]
[BlackTeamCountry "DEN"]

1. d4 Nf6 2. Nf3 d5 3. c4 c6 4. e3 Bf5 5. Nc3 e6 6. Be2 h6 7. O-O Nbd7 8. b3
Bd6 9. Bb2 a5 10. Nh4 Bh7 11. g3 O-O 12. Bd3 Ne4 13. f3 Nxc3 14. Bxh7+ Kxh7 15.
Bxc3 Be7 16. Qd3+ g6 17. Ng2 a4 18. c5 e5 19. b4 Bf6 20. Rab1 b6 21. f4 exd4
22. exd4 Re8 23. Rbe1 Rxe1 24. Rxe1 Qh8 25. f5 g5 26. Kf1 Kg8 27. b5 bxc5 28.
bxc6 c4 29. Qb1 Nc5 30. c7 Ne4 31. Qb7 Kg7 32. Rxe4 dxe4 33. Ne3 Qe8 34. Ke2
Rc8 35. Nd5 Qd7 36. Qa6 Qxf5 37. Nxf6 Qf3+ 38. Ke1 Qxc3+ 39. Kf1 Qf3+ 40. Kg1
Qd1+ 41. Kg2 Qf3+ 42. Kh3 Qf5+ 43. Kg2 Qe6 0-1

[Event "Xtracon Skakligaen"]
[Site "Denmark"]
[Date "2017.01.08"]
[Round "5.2"]
[White "Skytte, Rasmus"]
[Black "Schmidt, Kristen"]
[Result "1-0"]
[WhiteElo "2398"]
[BlackElo "2215"]
[PlyCount "67"]
[EventDate "2016.10.29"]
[EventType "team-tourn"]
[EventRounds "9"]
[EventCountry "DEN"]
[WhiteTeam "Aarhus/Skolerne 1"]
[BlackTeam "K41 1"]
[WhiteTeamCountry "DEN"]
[BlackTeamCountry "DEN"]

1. e4 c5 2. Nc3 Nc6 3. Bb5 e6 4. Bxc6 bxc6 5. d3 d5 6. f4 Nf6 7. Nf3 Be7 8. O-O
O-O 9. Qe2 a5 10. e5 Nd7 11. Kh1 f6 12. exf6 Rxf6 13. Bd2 Bd6 14. Ne5 Qc7 15.
Ng4 Rf7 16. Rae1 Nb6 17. Ne5 Rf8 18. Rf3 Nd7 19. Na4 Nxe5 20. fxe5 Be7 21.
Rxf8+ Bxf8 22. c4 Bd7 23. Qg4 Re8 24. h3 Bc8 25. Qe2 Be7 26. Rf1 Bd7 27. Qh5 g6
28. Qe2 Bf8 29. b3 Bc8 30. Bg5 Bd7 31. Qe1 Ra8 32. Qf2 Bg7 33. Qf7+ Kh8 34. Bf6
1-0

[Event "Xtracon Skakligaen"]
[Site "Denmark"]
[Date "2017.01.29"]
[Round "6.1"]
[White "Glud, Jakob Vang"]
[Black "Hillarp Persson, Tiger"]
[Result "1/2-1/2"]
[WhiteElo "2517"]
[BlackElo "2513"]
[PlyCount "32"]
[EventDate "2016.10.29"]
[EventType "team-tourn"]
[EventRounds "9"]
[EventCountry "DEN"]
[WhiteTeam "Philidor 1"]
[BlackTeam "Bronshoj 1"]
[WhiteTeamCountry "DEN"]
[BlackTeamCountry "DEN"]

1. c4 c5 2. g3 Nc6 3. Bg2 g6 4. Nc3 Bg7 5. Nf3 d6 6. b3 e5 7. O-O Nge7 8. Bb2
O-O 9. e3 f5 10. a3 h6 11. Ne1 Be6 12. Nd5 Bf7 13. Nxe7+ Qxe7 14. d3 Qd7 15.
Qc2 Rac8 16. Nf3 d5 1/2-1/2

[Event "Xtracon Skakligaen"]
[Site "Denmark"]
[Date "2017.01.29"]
[Round "6.2"]
[White "Carstensen, Jacob"]
[Black "Bekker Jensen, Simon"]
[Result "0-1"]
[WhiteElo "2380"]
[BlackElo "2466"]
[PlyCount "74"]
[EventDate "2016.10.29"]
[EventType "team-tourn"]
[EventRounds "9"]
[EventCountry "DEN"]
[WhiteTeam "Bronshoj 1"]
[BlackTeam "Philidor 1"]
[WhiteTeamCountry "DEN"]
[BlackTeamCountry "DEN"]

1. d4 Nf6 2. c4 g6 3. Nc3 Bg7 4. e4 d6 5. Be2 O-O 6. Nf3 e5 7. Be3 Qe8 8. O-O
exd4 9. Nxd4 Nxe4 10. Nd5 Na6 11. Nb5 Qd8 12. Bd4 f6 13. Bxa7 Bd7 14. Ndxc7
Nxc7 15. Bb6 Bxb5 16. cxb5 Nc5 17. Rc1 N5e6 18. a4 d5 19. b4 f5 20. Bf3 Kh8 21.
Re1 Qd7 22. a5 Rfd8 23. Qe2 Re8 24. Qa2 Rad8 25. Red1 Rc8 26. Be2 d4 27. a6 Nd5
28. Rxc8 Rxc8 29. Bf3 Nxb6 30. Bxb7 Rd8 31. Bc6 Qd6 32. a7 Nc7 33. Qa5 Nca8 34.
g3 d3 35. Qa6 d2 36. Bxa8 Nxa8 37. Qc6 Qxb4 0-1

[Event "Xtracon Skakligaen"]
[Site "Denmark"]
[Date "2017.01.29"]
[Round "6.3"]
[White "Mikkelsen, Nikolaj"]
[Black "Aabling Thomsen, Jakob"]
[Result "1-0"]
[WhiteElo "2463"]
[BlackElo "2380"]
[PlyCount "89"]
[EventDate "2016.10.29"]
[EventType "team-tourn"]
[EventRounds "9"]
[EventCountry "DEN"]
[WhiteTeam "Philidor 1"]
[BlackTeam "Bronshoj 1"]
[WhiteTeamCountry "DEN"]
[BlackTeamCountry "DEN"]

1. e4 c5 2. Nf3 e6 3. g3 Nc6 4. Bg2 Nf6 5. Qe2 d5 6. exd5 Nxd5 7. O-O Be7 8.
Rd1 O-O 9. d4 cxd4 10. Nxd4 Nxd4 11. Rxd4 Bf6 12. Rd1 Qc7 13. c4 Nb6 14. Nd2
Rd8 15. Ne4 Rxd1+ 16. Qxd1 Be7 17. b3 Bd7 18. Bd2 Bc6 19. Ba5 Qe5 20. Bc3 Qf5
21. Nd6 Bxd6 22. Qxd6 Bxg2 23. Kxg2 Qe4+ 24. Kg1 Re8 25. Rd1 h6 26. Bd4 Qc6 27.
Qxc6 bxc6 28. Bc5 Rc8 29. a4 Rc7 30. Rd8+ Kh7 31. a5 Nc8 32. a6 Kg6 33. Kg2 f6
34. f4 Kf7 35. Rf8+ Kg6 36. Kf3 h5 37. Ke4 Ne7 38. Ra8 Nc8 39. Rb8 Nb6 40. Bxb6
axb6 41. Rxb6 Rc8 42. b4 h4 43. gxh4 Kh5 44. a7 Ra8 45. Ra6 1-0

[Event "Xtracon Skakligaen"]
[Site "Denmark"]
[Date "2017.01.29"]
[Round "6.4"]
[White "Hoi, Carsten"]
[Black "Aagaard, Jacob"]
[Result "0-1"]
[WhiteElo "2382"]
[BlackElo "2484"]
[PlyCount "118"]
[EventDate "2016.10.29"]
[EventType "team-tourn"]
[EventRounds "9"]
[EventCountry "DEN"]
[WhiteTeam "Bronshoj 1"]
[BlackTeam "Philidor 1"]
[WhiteTeamCountry "DEN"]
[BlackTeamCountry "DEN"]

1. d4 Nf6 2. Nf3 e6 3. e3 c5 4. Bd3 d5 5. b3 Nc6 6. O-O Be7 7. Bb2 O-O 8. Nbd2
Nb4 9. Be2 b6 10. a3 Nc6 11. Bd3 Bb7 12. Qe2 Rc8 13. Rad1 Qc7 14. dxc5 bxc5 15.
c4 Rfd8 16. cxd5 exd5 17. Nh4 Ne8 18. Nf5 Bf6 19. Nf3 Ne7 20. Rc1 Nxf5 21. Bxf5
Bxb2 22. Qxb2 Rb8 23. Qc2 g6 24. Bh3 d4 25. exd4 Bxf3 26. gxf3 Rxd4 27. Qxc5
Qxc5 28. Rxc5 Rd3 29. Rfc1 Rdxb3 30. Ra5 Rb1 31. Rxb1 Rxb1+ 32. Kg2 Rb7 33. f4
Nf6 34. f5 g5 35. Kg3 h5 36. Bg2 Rb3+ 37. f3 Ne4+ 38. Kh3 g4+ 39. Kh4 gxf3 40.
Bf1 Nd2 41. Ba6 f2 42. f6 f1=Q 43. Bxf1 Nxf1 44. Rg5+ Kh7 45. Kxh5 Rb7 46. Rg7+
Kh8 47. Kh6 Nxh2 48. Rh7+ Kg8 49. Rg7+ Kf8 50. Kh7 Ke8 51. Rg8+ Kd7 52. Rf8 Ke6
53. Kg7 Ng4 54. Re8+ Kf5 55. Re7 Rb6 56. Rxf7 Ra6 57. Rb7 Nxf6 58. Kf7 Nd5 59.
Rb3 Ke5 0-1

[Event "Xtracon Skakligaen"]
[Site "Denmark"]
[Date "2017.01.29"]
[Round "6.6"]
[White "Greger, Roland Reinhard"]
[Black "Skovgaard, Peter Nicolai"]
[Result "0-1"]
[WhiteElo "2307"]
[BlackElo "2302"]
[PlyCount "70"]
[EventDate "2016.10.29"]
[EventType "team-tourn"]
[EventRounds "9"]
[EventCountry "DEN"]
[WhiteTeam "Bronshoj 1"]
[BlackTeam "Philidor 1"]
[WhiteTeamCountry "DEN"]
[BlackTeamCountry "DEN"]

1. e4 c5 2. Nf3 d6 3. d4 cxd4 4. Nxd4 Nf6 5. Nc3 a6 6. h3 e6 7. g4 d5 8. Bg2
Nxe4 9. Nxe4 dxe4 10. Be3 Nd7 11. O-O Be7 12. c4 h5 13. gxh5 Nf6 14. Ne2 Qa5
15. Ng3 Bd7 16. a3 Rd8 17. b4 Qe5 18. h6 gxh6 19. Bd4 Qf4 20. Qc1 Qh4 21. Qe3
Rg8 22. Rfd1 Nh5 23. Be5 f5 24. Nxh5 Qxh5 25. Bc7 Qf3 26. Qxf3 exf3 27. Bxd8
Rxg2+ 28. Kh1 Bxd8 29. Rd3 Bc6 30. b5 axb5 31. cxb5 Be4 32. Rd6 Rxf2 33. Rxe6+
Kf7 34. Rxh6 Bg5 35. Rh7+ Kg6 0-1

[Event "Xtracon Skakligaen"]
[Site "Denmark"]
[Date "2017.01.29"]
[Round "6.7"]
[White "Hovmoller, Kristian"]
[Black "Skousen, Nikolai"]
[Result "1/2-1/2"]
[WhiteElo "2289"]
[BlackElo "2275"]
[PlyCount "46"]
[EventDate "2016.10.29"]
[EventType "team-tourn"]
[EventRounds "9"]
[EventCountry "DEN"]
[WhiteTeam "Philidor 1"]
[BlackTeam "Bronshoj 1"]
[WhiteTeamCountry "DEN"]
[BlackTeamCountry "DEN"]

1. d4 Nf6 2. Nf3 g6 3. g3 Bg7 4. Bg2 O-O 5. O-O d5 6. Nbd2 Nbd7 7. c4 c6 8. Qc2
Re8 9. Rd1 e5 10. cxd5 cxd5 11. dxe5 Nxe5 12. Nxe5 Rxe5 13. Nf3 Bf5 14. Qb3 Re6
15. Be3 Ng4 16. Rxd5 Qe8 17. Bd4 Rxe2 18. h3 Nf6 19. Re5 Rxe5 20. Bxe5 b6 21.
Ng5 Rd8 22. Re1 h6 23. Bc3 Qd7 1/2-1/2

[Event "Xtracon Skakligaen"]
[Site "Denmark"]
[Date "2017.01.29"]
[Round "6.8"]
[White "Laursen, Niels Norskov"]
[Black "Andersen, Jan"]
[Result "1-0"]
[WhiteElo "2279"]
[BlackElo "2222"]
[PlyCount "125"]
[EventDate "2016.10.29"]
[EventType "team-tourn"]
[EventRounds "9"]
[EventCountry "DEN"]
[WhiteTeam "Bronshoj 1"]
[BlackTeam "Philidor 1"]
[WhiteTeamCountry "DEN"]
[BlackTeamCountry "DEN"]

1. e4 c5 2. Nf3 e6 3. d4 cxd4 4. Nxd4 a6 5. Nc3 Qc7 6. Be2 b5 7. O-O Bb7 8. Bf3
d6 9. Re1 Nd7 10. a4 b4 11. Na2 a5 12. c3 bxc3 13. Nxc3 Ngf6 14. Bf4 Qb6 15.
Nd5 Bxd5 16. exd5 e5 17. Rc1 Be7 18. Nc6 Bd8 19. Be3 Qb7 20. Nxd8 Rxd8 21. Rc6
O-O 22. Rxd6 Qxb2 23. Qd2 Qa3 24. Ra6 Qxa4 25. Rxa5 Qh4 26. Bg5 Qd4 27. Qxd4
exd4 28. Kf1 h6 29. Bf4 Rfe8 30. Rd1 Ne5 31. Bxe5 Rxe5 32. Rxd4 Rd6 33. Ra8+
Kh7 34. Rc8 Re7 35. Rc6 Red7 36. Rxd6 Rxd6 37. Rc4 Rd7 38. Rc5 g5 39. h3 h5 40.
g3 Kg6 41. Rc6 Kf5 42. Bxh5 Nxh5 43. g4+ Ke5 44. gxh5 Kxd5 45. Rc8 Ke5 46. Kg2
f5 47. Rc5+ Kf6 48. Rc6+ Ke5 49. Kg3 Rh7 50. h6 Kd5 51. Rg6 Ke5 52. Ra6 Rh8 53.
Rb6 Rh7 54. f3 Rh8 55. Ra6 Rh7 56. h4 gxh4+ 57. Kxh4 Kf4 58. Rf6 Ra7 59. Kh5
Ra1 60. h7 Rh1+ 61. Kg6 Rg1+ 62. Kf7 Rh1 63. Kg7 1-0

[Event "Xtracon Skakligaen"]
[Site "Denmark"]
[Date "2017.01.29"]
[Round "6.1"]
[White "Matthiesen, Arne"]
[Black "Teplyi, Igor"]
[Result "0-1"]
[WhiteElo "2325"]
[BlackElo "2431"]
[PlyCount "68"]
[EventDate "2016.10.29"]
[EventType "team-tourn"]
[EventRounds "9"]
[EventCountry "DEN"]
[WhiteTeam "SK 68 1"]
[BlackTeam "Nordre 1"]
[WhiteTeamCountry "DEN"]
[BlackTeamCountry "DEN"]

1. d4 Nf6 2. c4 e6 3. Nc3 Bb4 4. g3 O-O 5. Bg2 d5 6. Nf3 c6 7. Qb3 Ba5 8. O-O
Nbd7 9. Rd1 Re8 10. Bf4 Bc7 11. Bxc7 Qxc7 12. Rac1 Qb6 13. Qxb6 Nxb6 14. Nd2
dxc4 15. Nce4 Nxe4 16. Bxe4 Rd8 17. Nxc4 Nxc4 18. Rxc4 e5 19. Bc2 Be6 20. Rb4
b5 21. dxe5 Rxd1+ 22. Bxd1 Rd8 23. Bb3 a5 24. Re4 Rd2 25. f4 a4 26. Bxe6 fxe6
27. Rb4 Rxe2 28. h3 Kf7 29. Kf1 Rc2 30. a3 h5 31. b3 Rb2 32. Rd4 axb3 33. Rd7+
Ke8 34. Rxg7 Rc2 0-1

[Event "Xtracon Skakligaen"]
[Site "Denmark"]
[Date "2017.01.29"]
[Round "6.2"]
[White "Petersen, Tom Petri"]
[Black "Matthiesen, Martin"]
[Result "0-1"]
[WhiteElo "2341"]
[BlackElo "2317"]
[PlyCount "102"]
[EventDate "2016.10.29"]
[EventType "team-tourn"]
[EventRounds "9"]
[EventCountry "DEN"]
[WhiteTeam "Nordre 1"]
[BlackTeam "SK 68 1"]
[WhiteTeamCountry "DEN"]
[BlackTeamCountry "DEN"]

1. Nf3 c5 2. g3 d5 3. Bg2 Nc6 4. O-O Nf6 5. d3 e6 6. c3 Be7 7. a3 O-O 8. b4
cxb4 9. axb4 b5 10. Na3 Rb8 11. Bf4 Bd6 12. Bxd6 Qxd6 13. Nc2 e5 14. Qd2 Re8
15. Rfe1 a6 16. Rad1 h6 17. e4 Bb7 18. Qc1 Rbc8 19. Qb2 Ne7 20. exd5 Nexd5 21.
c4 bxc4 22. dxc4 Rxc4 23. Nd2 Rc7 24. Ne4 Nxe4 25. Bxe4 Qe6 26. Qb3 Nc3 27.
Qxe6 fxe6 28. Bxb7 Nxd1 29. Be4 Nc3 30. Bg6 Rf8 31. Rxe5 Rf6 32. Bd3 Nd5 33. f4
Rc3 34. Be4 Kf8 35. Nd4 Nc7 36. Kg2 Rc4 37. Nc6 Nd5 38. Na5 Rxb4 39. h4 Rb5 40.
Nc4 Rc5 41. Nb6 Ne3+ 42. Kf3 Rxe5 43. Nd7+ Ke7 44. Nxe5 Nd5 45. Bd3 Nb4 46. Bc4
Kd6 47. h5 Rf5 48. g4 Rxe5 49. fxe5+ Kxe5 50. Bb3 Nd5 51. Kg3 a5 0-1

[Event "Xtracon Skakligaen"]
[Site "Denmark"]
[Date "2017.01.29"]
[Round "6.3"]
[White "Hansen, Lars"]
[Black "Baekgaard, Martin"]
[Result "1/2-1/2"]
[WhiteElo "2270"]
[BlackElo "2313"]
[PlyCount "53"]
[EventDate "2016.10.29"]
[EventType "team-tourn"]
[EventRounds "9"]
[EventCountry "DEN"]
[WhiteTeam "SK 68 1"]
[BlackTeam "Nordre 1"]
[WhiteTeamCountry "DEN"]
[BlackTeamCountry "DEN"]

1. e4 e6 2. d4 d5 3. exd5 exd5 4. Nf3 Bg4 5. Bd3 Bd6 6. O-O Nc6 7. c3 Qd7 8.
Re1+ Nge7 9. Nbd2 O-O 10. Qc2 Bf5 11. Nf1 Rfe8 12. Ne3 Bxd3 13. Qxd3 f6 14. Bd2
Nd8 15. Re2 Ne6 16. g3 c6 17. Rae1 Ng6 18. Nf5 Nc7 19. h4 Rxe2 20. Rxe2 Re8 21.
Nxd6 Rxe2 22. Qxe2 Qxd6 23. h5 Ne7 24. Bf4 Qe6 25. Qxe6+ Nxe6 26. Bd6 Kf7 27.
Bxe7 1/2-1/2

[Event "Xtracon Skakligaen"]
[Site "Denmark"]
[Date "2017.01.29"]
[Round "6.4"]
[White "Sloth, Jorn"]
[Black "Lindfeldt, Magnus"]
[Result "1/2-1/2"]
[WhiteElo "2300"]
[BlackElo "2266"]
[PlyCount "31"]
[EventDate "2016.10.29"]
[EventType "team-tourn"]
[EventRounds "9"]
[EventCountry "DEN"]
[WhiteTeam "Nordre 1"]
[BlackTeam "SK 68 1"]
[WhiteTeamCountry "DEN"]
[BlackTeamCountry "DEN"]

1. Nf3 g6 2. e4 Bg7 3. d4 d6 4. c3 Nd7 5. Bc4 e6 6. Bg5 Ne7 7. a4 h6 8. Bh4 Nf6
9. Nbd2 g5 10. Bg3 Nh5 11. Ng1 Nxg3 12. hxg3 d5 13. exd5 exd5 14. Bd3 Qd6 15.
a5 Bf5 16. Qc2 1/2-1/2

[Event "Xtracon Skakligaen"]
[Site "Denmark"]
[Date "2017.01.29"]
[Round "6.5"]
[White "Bank, Pelle Rodkjaer"]
[Black "Andersen, Thomas Klitgaard"]
[Result "1/2-1/2"]
[WhiteElo "2256"]
[BlackElo "2217"]
[PlyCount "174"]
[EventDate "2016.10.29"]
[EventType "team-tourn"]
[EventRounds "9"]
[EventCountry "DEN"]
[WhiteTeam "SK 68 1"]
[BlackTeam "Nordre 1"]
[WhiteTeamCountry "DEN"]
[BlackTeamCountry "DEN"]

1. d4 e6 2. e4 d5 3. Nd2 Nc6 4. Ngf3 Nf6 5. e5 Nd7 6. Bd3 f6 7. Ng5 fxg5 8.
Qh5+ Ke7 9. Nf3 Nf6 10. Bxg5 Kd7 11. exf6 gxf6 12. Bh4 Be7 13. a3 Qe8 14. Qh6
Qf7 15. c4 dxc4 16. Bxc4 Na5 17. Ba2 b6 18. d5 Qg6 19. dxe6+ Ke8 20. Qxg6+ hxg6
21. b4 Nc6 22. O-O Nd8 23. Rfe1 a5 24. b5 a4 25. Bg3 Ra7 26. Bc4 Kf8 27. Rad1
c6 28. bxc6 Nxc6 29. Bb5 Nd8 30. Bd7 Bxd7 31. Rxd7 Rxd7 32. exd7 Kf7 33. Bc7 b5
34. Nd4 b4 35. axb4 Bxb4 36. Rd1 Be7 37. Bxd8 Bxd8 38. Nc6 Ke6 39. h3 a3 40.
Kf1 a2 41. Nb4 a1=Q 42. Rxa1 Kxd7 43. Ra7+ Kd6 44. Ra8 Kd7 45. Nd5 Kd6 46. Nf4
g5 47. Ne2 Rf8 48. Ng3 Ke5 49. Ke2 f5 50. Kf3 Be7 51. Ra5+ Ke6 52. Ne2 Rd8 53.
Ra6+ Ke5 54. Ra5+ Ke6 55. Ng3 Rf8 56. Nf1 Rb8 57. Ne3 Rb3 58. g3 Bd8 59. Ra6+
Kf7 60. Kg2 Rb5 61. Rd6 Be7 62. Rc6 Bf6 63. Nc4 Be7 64. h4 gxh4 65. gxh4 Rc5
66. Nd6+ Bxd6 67. Rxd6 Rc4 68. h5 Rh4 69. h6 f4 70. Kf3 Rh2 71. Ra6 Kg8 72.
Rg6+ Kf7 73. Rb6 Kg8 74. Rf6 Kh7 75. Rxf4 Rxh6 76. Rg4 Ra6 77. Rg1 Ra4 78. Kg3
Kg7 79. Rb1 Ra6 80. f4 Kf6 81. Kg4 Rc6 82. Rh1 Kf7 83. Rh7+ Kf8 84. Kg5 Ra6 85.
f5 Rb6 86. Ra7 Rc6 87. f6 Rc1 1/2-1/2

[Event "Xtracon Skakligaen"]
[Site "Denmark"]
[Date "2017.01.29"]
[Round "6.6"]
[White "Hoiberg, Nina"]
[Black "Rewitz, Poul"]
[Result "0-1"]
[WhiteElo "2218"]
[BlackElo "2215"]
[PlyCount "136"]
[EventDate "2016.10.29"]
[EventType "team-tourn"]
[EventRounds "9"]
[EventCountry "DEN"]
[WhiteTeam "Nordre 1"]
[BlackTeam "SK 68 1"]
[WhiteTeamCountry "DEN"]
[BlackTeamCountry "DEN"]

1. e4 c6 2. d4 d5 3. e5 g6 4. Nf3 Bg7 5. h3 f6 6. Bf4 fxe5 7. dxe5 Nh6 8. Bd3
Na6 9. Bxa6 bxa6 10. Qd2 Nf7 11. O-O O-O 12. Nc3 g5 13. Nxg5 Nxe5 14. Bxe5 Bxe5
15. Qd3 Bf5 16. Qe2 Qd6 17. Rfe1 Bf6 18. Ne6 Rfb8 19. Nd1 Rb4 20. c4 Kf7 21.
Qh5+ Bg6 22. Ng5+ Kg8 23. Qg4 Rxc4 24. Qe6+ Qxe6 25. Nxe6 Kf7 26. Ne3 Rb4 27.
Nc7 Rc8 28. Nxa6 Rxb2 29. Rac1 Rxa2 30. Nb4 Ra3 31. Nxc6 Rc3 32. Rxc3 Bxc3 33.
Nxa7 Ra8 34. Rc1 d4 35. Nd5 Rxa7 36. Nxc3 dxc3 37. Rxc3 Be4 38. Kh2 Kf6 39. Re3
Bd5 40. Kg3 e6 41. Kh2 h5 42. Re1 Ra2 43. Kg1 e5 44. Rd1 Ke6 45. Rb1 Rc2 46.
Rb8 Kf6 47. Rf8+ Bf7 48. Rb8 h4 49. Rb4 Bc4 50. Rb8 Bd5 51. Rf8+ Kg5 52. Re8
Rc1+ 53. Kh2 Re1 54. Rd8 Bf7 55. Rf8 Bg6 56. Rc8 e4 57. Rc2 Rf1 58. Rb2 Bf5 59.
Ra2 Kf4 60. Rb2 Be6 61. Re2 Bd5 62. Rd2 Ke5 63. Rc2 Bb3 64. Rb2 Bc4 65. Rd2 Bb5
66. Rb2 Bd3 67. Ra2 Kd4 68. g3 Bc4 0-1